History Quiz

Random History Quiz

Australian Prime Ministers Quiz Stats

Quiz not verified by Sporcle

Challenge
Share
Tweet
Embed
Score 0/35 Timer 10:00
0 Plays Today
Hint Answer % Correct
2013-2015Abbott
95.6%
2010-2013Gillard
94.6%
2007-2010Rudd
94.3%
2013-2013Rudd
94.3%
2015-?Turnbull
94.1%
1996-2007Howard
93.8%
1991-1996Keating
90.1%
1972-1975Whitlam
89.7%
1939-1941Menzies
88.9%
1949-1966Menzies
88.9%
1901-1903Barton
87.7%
1983-1991Hawke
86.2%
1966-1967Holt
85%
1903-1904Deakin
81%
1905-1908Deakin
81%
1909-1910Deakin
81%
1975-1983Fraser
81%
1941-1945Curtin
75.9%
Hint Answer % Correct
1971-1972McMahon
69.2%
1915-1923Hughes
66.5%
1908-1909Fisher
66.3%
1910-1913Fisher
66.3%
1914-1915Fisher
66.3%
1945-1949Chifley
65.8%
1904-1904Watson
62.1%
1945-1945Forde
61.8%
1968-1971Gorton
61.8%
1932-1939Lyons
60.6%
1967-1968McEwen
59.4%
1904-1905Reid
58.1%
1929-1932Scullin
57.4%
1923-1929Bruce
55.7%
1939-1939Page
55.4%
1913-1914Cook
53.4%
1941-1941Fadden
52.7%

You're not logged in!

Compare scores with friends on all Sporcle quizzes.
Sign Up with Email
OR
Log In

You Might Also Like...

Show Comments

Extras

Top Quizzes Today


Score Distribution

Your Account Isn't Verified!

In order to create a playlist on Sporcle, you need to verify the email address you used during registration. Go to your Sporcle Settings to finish the process.